Culture Générale - Série 1790 - Statistiques

Statistiques générales
  • Ce quiz a été pris 289 fois
  • Le résultat moyen est 5 sur 10
Statistiques - réponses
Question Réponse % Correct
Qui a signé l'article « J'accuse » révélant l'affaire Dreyfus en 1898 ? Émile Zola
94%
Quelle banque française a un écureuil pour logo ? Caisse d'Épargne
83%
Qui a écrit L'Interprétation des rêves et Le Moi et le Ça ? Sigmund Freud
68%
Quel nom porte le sabre symbole de la caste des Samouraïs ? katana
54%
La fête foraine de Neuilly sur Seine est appelée familièrement : " la fête à ... Neu-Neu
54%
Sous quel nom connaît-on mieux l'acteur américain Charles Dennis Buchinsky (1921-2003) ? Charles Bronson
41%
Le Mont-de-Piété est appelé familièrement : "ma ... tante
39%
Quelle Brigitte a écrit Tanagra pour Johnny Hallyday ? Brigitte Fontaine
28%
Qu'est-ce qu'une "corme" ? fruit
10%
Qui Jacques Brel aimait-il tant « entre les tours de Bruges et Gand » ? Marieke
7%
Aucun quiz correspondant
Distribution des résultats
% des personnes avec chaque résultat
Percentile par nombre de réponses
Votre historique - résultats
Vous n’avez pas pris ce quiz